<?xml version="1.0" encoding="UTF-8"?>
<record
    xmlns:xsi="http://www.w3.org/2001/XMLSchema-instance"
    xsi:schemaLocation="http://www.loc.gov/MARC21/slim http://www.loc.gov/standards/marcxml/schema/MARC21slim.xsd"
    xmlns="http://www.loc.gov/MARC21/slim">

  <leader>02284nam a22002537a 4500</leader>
  <controlfield tag="005">20221205112245.0</controlfield>
  <controlfield tag="008">221202b           ||||| |||| 00| 0 eng d</controlfield>
  <datafield tag="020" ind1=" " ind2=" ">
    <subfield code="a">9789326199438</subfield>
  </datafield>
  <datafield tag="040" ind1=" " ind2=" ">
    <subfield code="c">AL</subfield>
  </datafield>
  <datafield tag="041" ind1=" " ind2=" ">
    <subfield code="a">eng</subfield>
  </datafield>
  <datafield tag="082" ind1=" " ind2=" ">
    <subfield code="2">23</subfield>
    <subfield code="a">355.02</subfield>
    <subfield code="b">AHLI</subfield>
  </datafield>
  <datafield tag="100" ind1=" " ind2=" ">
    <subfield code="a">R D Ahluwalia</subfield>
    <subfield code="9">64711</subfield>
  </datafield>
  <datafield tag="245" ind1=" " ind2=" ">
    <subfield code="a">Indian army agniveer technical common entrance exam</subfield>
  </datafield>
  <datafield tag="260" ind1=" " ind2=" ">
    <subfield code="a">New Delhi</subfield>
    <subfield code="b">Arihant Publications Pvt Ltd</subfield>
    <subfield code="c">2022</subfield>
  </datafield>
  <datafield tag="300" ind1=" " ind2=" ">
    <subfield code="a">306p.</subfield>
    <subfield code="b">PB</subfield>
    <subfield code="c">24x18cm.</subfield>
  </datafield>
  <datafield tag="520" ind1=" " ind2=" ">
    <subfield code="a">India&#x2019;s youth is set to play a crucial role in realizing the dream of building an AatmaNirbhar, Sashakt Bharat, and Agnipath scheme that will take them a step closer. Indian Terrestrial Army has recently released 25000 vacancies to recruit eligible candidates for the various posts of the Agnipath Scheme, for a period of 4 years. Arihant Publications&#x2019; &#x201C;Agniveer&#x201D; series has been formulated in such a manner to guide the students through the ups and downs of the examination and achieve greater heights in the field. Here&#x2019;s presenting the first and foremost edition of the &#x201C;Indian Army Agniveer Tradesman Common Entrance Exam&#x201D; that has been prepared to ensure the success of the candidates in the written examination. This book incorporates all the essential elements required for the preparation for the exam. Designed as per the latest Agnipath scheme, it provides complete coverage of the prescribed syllabus in a Chapterwise manner. Each chapter given in this book has been carefully curated to enhance the conceptual clarity of the candidates. Besides theories, it is also supported by an ample number of questions in the practice sets to give the exact idea of the pattern and type of questions to be asked in the exam. The book inculcates: 1. Designed as per the latest prescribed pattern 2. Divides the entire syllabus into 4 sections 3. Written in an easy-to-understand language 4. Provides better conceptual clarity 5. 3 Practice sets for thorough revision TABLE OF CONTENTS General Knowledge, General Science, Logical Reasoning, Mathematics, Practice Sets [1-3]</subfield>
  </datafield>
  <datafield tag="650" ind1=" " ind2=" ">
    <subfield code="a">Competitive Exam</subfield>
    <subfield code="9">64628</subfield>
  </datafield>
  <datafield tag="650" ind1=" " ind2=" ">
    <subfield code="a">General Knowledge</subfield>
    <subfield code="9">64629</subfield>
  </datafield>
  <datafield tag="650" ind1=" " ind2=" ">
    <subfield code="a">Mathematics</subfield>
    <subfield code="9">64630</subfield>
  </datafield>
  <datafield tag="650" ind1=" " ind2=" ">
    <subfield code="a">Physics</subfield>
    <subfield code="9">64631</subfield>
  </datafield>
  <datafield tag="650" ind1=" " ind2=" ">
    <subfield code="a">CEE</subfield>
    <subfield code="9">64712</subfield>
  </datafield>
  <datafield tag="700" ind1=" " ind2=" ">
    <subfield code="a">AHLUWALIA (R D)</subfield>
    <subfield code="9">64632</subfield>
  </datafield>
  <datafield tag="942" ind1=" " ind2=" ">
    <subfield code="2">ddc</subfield>
    <subfield code="c">BK</subfield>
  </datafield>
  <datafield tag="999" ind1=" " ind2=" ">
    <subfield code="c">225414</subfield>
    <subfield code="d">225414</subfield>
  </datafield>
  <datafield tag="952" ind1=" " ind2=" ">
    <subfield code="0">0</subfield>
    <subfield code="1">0</subfield>
    <subfield code="2">ddc</subfield>
    <subfield code="4">0</subfield>
    <subfield code="7">0</subfield>
    <subfield code="8">OTH</subfield>
    <subfield code="a">AL</subfield>
    <subfield code="b">AL</subfield>
    <subfield code="d">2022-12-01</subfield>
    <subfield code="e">Navakarnataka Publications Pvt Ltd Mangaluru-575001</subfield>
    <subfield code="g">180.00</subfield>
    <subfield code="l">3</subfield>
    <subfield code="m">1</subfield>
    <subfield code="o">355.02 AHLI</subfield>
    <subfield code="p">076265</subfield>
    <subfield code="r">2025-04-01 06:47:57</subfield>
    <subfield code="s">2025-03-08</subfield>
    <subfield code="v">225.00</subfield>
    <subfield code="w">2022-12-02</subfield>
    <subfield code="y">BK</subfield>
  </datafield>
</record>
